000 01212cac a2200373 i 4500
003 EG-GICUC
005 20260121101451.0
008 990219s1999 maua fr 001 0 eng d
020 _a0072286040
_qalk. paper
020 _a9780072286045
_q(alk. paper)
040 _aDLC
_cDLC
_dDLC
_dEG-GICUC
_beng
_erda
043 _an-us---
050 0 0 _aHV6025
_b.R515 2000
082 0 0 _a343.6
_221
092 0 4 _221
099 _aLaw 10 2000
100 1 _aReid, Sue Titus.
245 1 0 _aCrime and criminology /
_cSue Titus Reid.
250 _a9th edition.
264 _aBoston :
_bMcGraw-Hill College,
_c2000.
300 _axix, 491 page :
_billustrations ;
_c28 cm.
336 _atext
_btxt
_2rdacontent
337 _aunmediated
_bn
_2rdamedia
338 _avolume
_bnc
_2rdacarrier
504 _aBibliography: pages 200-250.
650 0 _aCriminology.
_2qrmak
650 0 _aCrime
_zUnited States.
_2qrmak
650 0 _aCriminal justice, Administration of
_zUnited States.
_2qrmak
651 1 _2qrmak
856 4 2 _uhttps://fll.law.cu.edu.eg/fulltext/bks/ENGB10-00013.pdf
856 4 2 _3Publisher description
_uhttp://www.loc.gov/catdir/description/mh023/99022329.html
905 _a10
942 _2ddc
_cBK
_e21
_n0
999 _c49799
_d49799